Khả năng chịu mặn của cây xoan ta chuyển gien codA mã hoá colin oxydaza sinh tổng hợp glyxin-betain /
Bewaard in:
| Hoofdauteur: | |
|---|---|
| Andere auteurs: | |
| Formaat: | Artikel |
| Taal: | Vietnamese |
| Onderwerpen: | |
| Tags: |
Voeg label toe
Geen labels, Wees de eerste die dit record labelt!
|
| Thư viện lưu trữ: | Thư viện Trường Đại học Đà Lạt |
|---|
| LEADER | 00910nam a2200289 4500 | ||
|---|---|---|---|
| 001 | DLU190193692 | ||
| 005 | ##20191127 | ||
| 040 | # | # | |a DLU |b vie |
| 041 | # | # | |a vie |
| 044 | # | # | |a vn |
| 100 | # | # | |a Chu Hoàng Hà. |
| 245 | # | # | |a Khả năng chịu mặn của cây xoan ta chuyển gien codA mã hoá colin oxydaza sinh tổng hợp glyxin-betain / |c Chu Hoàng Hà, Bùi Văn Thắng. |
| 653 | # | # | |a Chịu mặn |
| 653 | # | # | |a Chuyển gien |
| 653 | # | # | |a Gien codA |
| 653 | # | # | |a Glyxin-betain |
| 653 | # | # | |a Xoan ta |
| 700 | # | # | |a Bùi Văn Thắng. |
| 773 | # | # | |t Nông nghiệp & Phát triển nông thôn |g Số 321, 2017, tr. 163-168 |
| 920 | # | # | |a Phòng Tạp chí -- Trung tâm Thông tin - Thư viện Trường Đại học Đà Lạt |
| 900 | # | # | |a True |
| 911 | # | # | |a Nguyễn Thị Thu Phương |
| 925 | # | # | |a G |
| 926 | # | # | |a A |
| 927 | # | # | |a BB |
| 980 | # | # | |a Thư viện Trường Đại học Đà Lạt |